| 000 | 00506nam a22001457a 4500 | ||
|---|---|---|---|
| 003 | MACL | ||
| 005 | 20190529164240.0 | ||
| 008 | 190529b xxu||||| |||| 00| 0 eng d | ||
| 040 | _cMACL | ||
| 100 |
_aचौधरी,डॉ. लालसिंह _974958 |
||
| 245 | _aवैदिक गणित सूत्र एवं व्याख्याऍं | ||
| 260 |
_aलखनऊ _bहिमालय प्रकाशन _c2016 |
||
| 650 |
_aवैदिक गणित _975061 |
||
| 942 |
_2ddc _cHIN |
||
| 999 |
_c59918 _d59918 |
||